Online Catalogue and eLibrary

Nationalisms : (Record no. 456)

MARC details
000 -LEADER
fixed length control field 00698cam a2200205 a 4500
001 - CONTROL NUMBER
control field 2088760
005 - DATE AND TIME OF LATEST TRANSACTION
control field 20240221053017.0
008 - FIXED-LENGTH DATA ELEMENTS--GENERAL INFORMATION
fixed length control field 950815s1996 enk b 001 0 eng
020 ## - INTERNATIONAL STANDARD BOOK NUMBER
ISBN 0745614019 (acidfree paper)
020 ## - INTERNATIONAL STANDARD BOOK NUMBER
ISBN 0745614027 (pbk. : acidfree paper)
040 ## - CATALOGING SOURCE (பட்டியலாக்க மூலம்)
Original cataloging agency DLC
Transcribing agency DLC
Modifying agency DLC
082 00 - DDC Classification
Class No. 320.54.
DDC Edition Number 20
Item Number - Author Mark NAT.
100 2# - MAIN ENTRY--PERSONAL NAME
Personal name Guibernau i Berdún, M. Montserrat
245 10 - TITLE STATEMENT
Title Nationalisms :
Remainder of title the nation-state and nationalism in the twentieth century /
Statement of responsibility, etc. Montserrat Guibernau.
260 ## - PUBLICATION, DISTRIBUTION, ETC.
Place of publication, distribution, etc. Cambridge, UK :
Name of publisher, distributor, etc. Polity Press ;
Place of publication, distribution, etc. Cambridge, MA, USA :
Name of publisher, distributor, etc. Blackwell Publishers [distributor],
Date of publication, distribution, etc. 1996.
300 ## - PHYSICAL DESCRIPTION
Extent (e.g. Volumes, Pages etc.) vi, 174 p. ;
650 #0 - SUBJECT ADDED ENTRY--TOPICAL TERM
Topical term or geographic name entry element Nationalism.
650 #0 - SUBJECT ADDED ENTRY--TOPICAL TERM
Topical term or geographic name entry element Nation-state.
942 ## - Koha item type (Biblio)
Koha item type Books in Stacks (Lending)
Holdings
Lost status Damaged status Collection code Home library Current library Date acquired Full call number Accession Number Item type
    Lending WERC Library WERC Library 02/21/2024 320.54. NAT. 2273 Books in Stacks (Lending)

© WERC Library